000 00877nam a2200277 a 4500
001 73680
003 BD-RjUL
005 20211209082430.0
008 170606s1993 ii a b 001 0 eng d
020 _a8170750326 :
_cRs275.00
035 _a(BD-RjUL)73898
040 _aDLC
_cDLC
_beng
_dBD-RjUL
041 _aeng
082 _223
_a639.50954
_bKUP 1993
100 1 _aKurian, C. V.
_990457
245 1 0 _aPrawns and prawn fisheries of India /
_cby C.V. Kurian and V.O Sebastian.
250 _a4th rev. ed.
260 _aDelhi :
_bHindustan Pub. Corp.,
_c1993.
300 _aviii, 267 p. :
_bill. ;
_c24 cm.
504 _aIncludes bibliographical references (p. [239]-248) and indexes.
650 0 _aShrimp fisheries
_zIndia.
_9218096
650 0 _aShrimps
_zIndia.
_9218097
650 0 _aCrustacea
_zIndia.
_9188628
700 1 _aSebastian, V. O
_9218098
942 _2ddc
_cBK
999 _c73680
_d73680